NHL Hockey Stanley Cup Champions - Statistics

General Stats
  • This quiz has been taken 94,527 times
    14,855 since last reset
  • The average score is 31 of 57
Answer Stats
Year Loser Winner % Correct
2025 Oilers Panthers
99%
2024 Oilers Panthers
97%
2023 Panthers Golden Knights
85%
2021 Canadiens Lightning
84%
2020 Stars Lightning
82%
2022 Lightning Avalanche
81%
2019 Bruins Blues
77%
2018 Golden Knights Capitals
76%
2017 Predators Penguins
75%
2016 Sharks Penguins
74%
2015 Lightning Blackhawks
71%
2011 Canucks Bruins
71%
2013 Bruins Blackhawks
70%
2014 Rangers Kings
70%
2012 Devils Kings
66%
2010 Flyers Blackhawks
65%
2009 Red Wings Penguins
65%
2008 Penguins Red Wings
63%
2007 Senators Ducks
57%
2006 Oilers Hurricanes
55%
1993 Kings Canadiens
50%
2003 Mighty Ducks Devils
49%
2004 Flames Lightning
49%
1999 Sabres Stars
48%
1985 Flyers Oilers
47%
1984 Islanders Oilers
47%
2001 Devils Avalanche
46%
2000 Stars Devils
46%
1988 Bruins Oilers
46%
1987 Flyers Oilers
46%
1983 Oilers Islanders
45%
1982 Canucks Islanders
45%
1981 North Stars Islanders
45%
1994 Canucks Rangers
45%
2002 Hurricanes Red Wings
45%
1969 Blues Canadiens
44%
1968 Blues Canadiens
44%
1977 Bruins Canadiens
43%
1980 Flyers Islanders
43%
1998 Capitals Red Wings
43%
1979 Rangers Canadiens
42%
1978 Bruins Canadiens
42%
1976 Flyers Canadiens
42%
1990 Bruins Oilers
42%
1986 Flames Canadiens
41%
1973 Black Hawks Canadiens
41%
1971 Black Hawks Canadiens
41%
1997 Flyers Red Wings
41%
1996 Panthers Avalanche
38%
1992 Blackhawks Penguins
38%
1970 Blues Bruins
37%
1991 North Stars Penguins
37%
1995 Red Wings Devils
36%
1989 Canadiens Flames
36%
1975 Sabres Flyers
35%
1974 Bruins Flyers
35%
1972 Rangers Bruins
34%
No matching quizzes found
Score Distribution
Percent of People with Each Score
Percentile by Number Answered
Your Score History
You have not taken this quiz since the last reset